000 01088cam a22003134a 4500
003 OSt
005 20171108202501.0
008 070516s2007 enk b 001 0 eng
010 _a 2007534274
020 _a042152720X (pbk.)
040 _aUk
_cUk
_dNhCcYBP
_dDLC
043 _ae-uk---
082 0 4 _a343.071
_222
_bWOD
100 1 _aLowe, Robert.
_d1932-
_9526
245 1 0 _aWoodroff & Lowe's Consumer Law and Practice /
_cGeoffrey Woodroffe and Robert Lowe.
250 _a8th ed.
260 _aLondon :
_bSweet & Maxwell,
_c1995.
300 _axxxv, 469 p. ;
_c24 cm.
504 _aIncludes bibliographical references and index.
650 0 _aConsumer protection
_xLaw and legislation
_zGreat Britain.
_9527
650 0 _aConsumer credit
_xLaw and legislation
_zGreat Britain.
_9528
650 0 _aSales
_zGreat Britain.
_9529
650 0 _aWarranty
_zGreat Britain.
_9530
650 0 _aCompetition, Unfair
_zGreat Britain.
_9531
650 0 _aRetail trade
_xLaw and legislation
_zGreat Britain.
_9532
700 1 _aWoodroffe, Geoffrey.
_9533
700 1 _aLowe, Robert,
942 _2ddc
_cBK
999 _c182
_d182